| 000 | 01269nam a2200301 a 4500 | ||
|---|---|---|---|
| 001 | BRCA_3371 | ||
| 005 | 20190320204240.0 | ||
| 041 | _aeng | ||
| 044 | _aenk | ||
| 084 |
_a660 _b.B534 _c1900 |
||
| 100 | 1 |
_aCervantes Saavedra, Miguel de _d1547-1616 _9213 |
|
| 245 | 1 | 0 |
_aDon Quixote of the Mancha _cRetold by Judge Parry. |
| 260 |
_aLondres : Manchester _bBlackie and Son : Sheratt and Hughs _c1900 |
||
| 300 |
_axii, 245 p. _bil. (algunas a color) _c24 cm. |
||
| 500 | _aEdición : Illustrated by Walter Crane | ||
| 500 | _aCompendio de Judge Parry, ilustrado con novedosas cromolitografías de Walter Crane. La parte tipografíca es excelente y en magnífico papel. Edición limitada y numerada: este ejemplar lleva el número 69 Lúdovik Osterc | ||
| 500 | _aQM489 | ||
| 546 | _aTexto en : inglés | ||
| 650 | 1 | 4 |
_aNovela española _yÉpoca clásica, 1500-1700 _9215 |
| 650 | 1 | 4 |
_aLiteratura española _yÉpoca clásica, 1500-1700 _9216 |
| 650 | 1 | 4 |
_aNovela española _ySiglo XVII _9217 |
| 650 | 1 | 4 |
_aDon Quijote (Personaje ficticio) _eNovela _9218 |
| 700 | 1 |
_aParry, Judge Needham _d1768-1861 _eEditor _98877 |
|
| 700 | 1 |
_aCrane, Walter _d1845-1915 _eIlustrador _98878 |
|
| 740 | 0 | _aEl Ingenioso Hidalgo Don Quijote de la Mancha | |
| 902 | _aQFM | ||
| 942 |
_2lcc _cB |
||
| 999 |
_c3107 _d3107 |
||